[Event "FRA-chT 0102 U18"]
[Site "France"]
[Date "2001.11.25"]
[Round "2.7"]
[White "Lacoste, David"]
[Black "Margenstern, Rodolphe"]
[Result "0-1"]
[WhiteElo "1170"]
[BlackElo "1580"]
[PlyCount "82"]
[EventDate "2001.10.??"]
[EventType "team"]
[EventRounds "11"]
[EventCountry "FRA"]
[SourceTitle "EXT 2003"]
[Source "ChessBase"]
[SourceDate "2002.11.25"]
[SourceVersion "1"]
[SourceVersionDate "2002.11.25"]
[SourceQuality "1"]
[WhiteTeam "Avignon"]
[BlackTeam "Creteil"]
[WhiteTeamCountry "FRA"]
[BlackTeamCountry "FRA"]

1. d4 d5 2. Nf3 c5 3. c3 Nf6 4. Bf4 Bg4 5. Ne5 Bf5 6. e3 a6 7. Be2 e6 8. 0-0 Be7 9. Qa4+ b5 10. Qd1 0-0 11. Bf3 Nbd7 12. Nc6 Qe8 13. Nxe7+ Qxe7 14. c4 bxc4 15. dxc5 Nxc5 16. h3 Be4 17. Bxe4 Nfxe4 18. Nc3 Nxc3 19. bxc3 Nd3 20. Bg3 e5 21. e4 dxe4 22. Qa4 Qc5 23. Qd7 Rfd8 24. Qb7 a5 25. Bh4 Rab8 26. Qxe4 f6 27. Qf5 Qd5 28. Rad1 Qf7 29. Qe4 Rb2 30. a4 Ra2 31. Qc6 Rc2 32. Qb6 Qd5 33. Qa7 Rxc3 34. Qe7 Qd6 35. Qxd6 Rxd6 36. f3 Rc2 37. Rb1 Nb2 38. Bf2 Rdd2 39. Be3 Rxg2+ 40. Kh1 Rh2+ 41. Kg1 Rcg2# 0-1